[Event "XXXIV Festival A"]
[Site "Arco ITA"]
[Date "2012.10.16"]
[Round "4"]
[White "Overney, Luca"]
[Black "Schiappoli, Dario"]
[WhiteElo "1788"]
[BlackElo "1933"]
[Result "1-0"]
[PlyCount "54"]
[EventDate "2012.10.13"]

1. d4 Nf6 2. c4 e5 3. dxe5 Ng4 4. e4 Nxe5 5. Nf3 Nbc6 6. Nxe5 Nxe5 7. Be3 Qh4
8. Qc2 Bb4+ 9. Nd2 Ng4 10. Qd3 O-O 11. g3 Bxd2+ 12. Qxd2 Qe7 13. f3 Ne5 14. Be2
d6 15. O-O-O Be6 16. Qc3 b6 17. f4 Ng4 18. Bd4 f6 19. h3 c5 20. Bxg4 cxd4 21.
Qxd4 Rfc8 22. Kb1 b5 23. cxb5 Qf7 24. b3 a6 25. b6 Rab8 26. Kb2 Rc6 27. f5 Rc2+
1-0

[Event "XXXIV Festival A"]
[Site "Arco ITA"]
[Date "2012.10.16"]
[Round "4"]
[White "Pipitone, Antonio"]
[Black "Pedrotti, Luciano"]
[WhiteElo "1940"]
[BlackElo "1811"]
[Result "1-0"]
[PlyCount "63"]
[EventDate "2012.10.13"]

1. e4 e5 2. Nf3 Nc6 3. Bb5 a6 4. Ba4 Nf6 5. O-O b5 6. Bb3 d6 7. Ng5 d5 8. exd5
Nxd5 9. Nxf7 Kxf7 10. Qf3+ Ke6 11. Nc3 Nce7 12. d4 c6 13. Re1 Ng6 14. dxe5 Be7
15. Qg4+ Kf7 16. e6+ Ke8 17. Nxd5 cxd5 18. Qf5 Rf8 19. Qh5 Rh8 20. Bxd5 Rb8 21.
Bc6+ Kf8 22. Qf5+ Bf6 23. Be3 Ne7 24. Bc5 Kg8 25. Bxe7 Qxe7 26. Rad1 g6 27. Qf4
Rb6 28. Bd7 Bxd7 29. exd7 Rd6 30. Qxd6 Qxd6 31. Rxd6 Kf7 32. Rxf6+ 1-0

[Event "XXXIV Festival A"]
[Site "Arco ITA"]
[Date "2012.10.16"]
[Round "4"]
[White "Pomini, Aurelien"]
[Black "Borries, Barbara"]
[WhiteElo "2012"]
[BlackElo "1850"]
[Result "1-0"]
[PlyCount "73"]
[EventDate "2012.10.13"]

1. e4 e5 2. Nf3 Nc6 3. Bc4 Bc5 4. O-O d6 5. c3 Nf6 6. b4 Bb6 7. d3 h6 8. a4 a5
9. b5 Ne7 10. Be3 c6 11. bxc6 bxc6 12. Bxf7+ Kxf7 13. Qb3+ Be6 14. Qxb6 Qxb6
15. Bxb6 Ng6 16. g3 Ke7 17. Nbd2 Rhb8 18. Rfb1 Kd7 19. Be3 Ng4 20. Nf1 Nxe3 21.
Nxe3 Ne7 22. Nd2 Kc7 23. Ndc4 Bd7 24. Kf1 c5 25. Rxb8 Rxb8 26. Nxa5 Be6 27.
Nac4 Rb3 28. Ra3 Rxa3 29. Nxa3 Bb3 30. a5 Ba4 31. Nac4 Bb5 32. Ke2 Nc6 33. Nf5
Bxc4 34. dxc4 Nxa5 35. Kd3 Nc6 36. Nxg7 Ne7 37. Nf5 1-0

[Event "XXXIV Festival A"]
[Site "Arco ITA"]
[Date "2012.10.16"]
[Round "4"]
[White "Prelati, Maurizio"]
[Black "Mumelter, Igor"]
[WhiteElo "1976"]
[BlackElo "1837"]
[Result "1/2-1/2"]
[PlyCount "114"]
[EventDate "2012.10.13"]

1. e4 c6 2. d4 d5 3. exd5 cxd5 4. c4 Nf6 5. Nc3 Nc6 6. Bg5 e6 7. Nf3 Be7 8. c5
O-O 9. Bd3 b6 10. cxb6 axb6 11. a3 Ba6 12. Bxa6 Rxa6 13. O-O Re8 14. Rc1 Ra8
15. Re1 Rc8 16. Qa4 Qd7 17. Qb5 Qb7 18. Na4 Nd7 19. Bxe7 Nxe7 20. Nc5 Nxc5 21.
dxc5 Qc6 22. Qxb6 Qxb6 23. cxb6 Rb8 24. Rc7 Rxb6 25. Rec1 f6 26. R1c2 Nf5 27.
Ra7 Re7 28. Rxe7 Nxe7 29. Kf1 Kf7 30. Ke2 Ke8 31. b4 e5 32. Nd2 Ra6 33. Nb1 Kd7
34. Kd3 d4 35. Rc5 Kd6 36. Kc4 f5 37. Kb5 Ra8 38. Nd2 Nd5 39. Nc4+ Ke6 40. Rc6+
Ke7 41. Kc5 Nc3 42. Nxe5 Rxa3 43. Kxd4 Ne2+ 44. Kc5 Rc3+ 45. Kb6 Rb3 46. b5 Nc3
47. Nf3 Rxb5+ 48. Ka6 Rb3 49. Nd4 Kd7 50. Nxb3 Kxc6 51. Nd4+ Kd5 52. Nxf5 g6
53. Nh6 Nd1 54. f3 Ne3 55. Ng4 Nxg2 56. Nf6+ Ke5 57. Nxh7 Kf4 1/2-1/2

[Event "XXXIV Festival A"]
[Site "Arco ITA"]
[Date "2012.10.16"]
[Round "4"]
[White "Rizzo, Giuseppe"]
[Black "Joerges, Frank"]
[WhiteElo "1761"]
[BlackElo "1915"]
[Result "0-1"]
[PlyCount "89"]
[EventDate "2012.10.13"]

1. d4 d5 2. Nf3 c6 3. e3 Bf5 4. c4 e6 5. Nc3 Nf6 6. Qb3 Qb6 7. Nh4 Bg6 8. Nxg6
hxg6 9. c5 Qc7 10. g3 Nbd7 11. f4 b6 12. cxb6 axb6 13. Bg2 Be7 14. Bd2 O-O 15.
Rc1 Qb7 16. O-O c5 17. a3 c4 18. Qc2 b5 19. Na2 Nb8 20. Nb4 Nc6 21. Bc3 Nxb4
22. axb4 Ra2 23. Bf3 Rfa8 24. Rfe1 R8a4 25. Qd2 Qa8 26. Rb1 Qf8 27. Bd1 Ne4 28.
Qc1 Ra7 29. Bc2 Bxb4 30. Bxe4 dxe4 31. Rd1 Bxc3 32. bxc3 Qa3 33. Rxb5 Qxc1 34.
Rxc1 Re2 35. Re5 f5 36. Rxe6 Raa2 37. Rxg6 Rxe3 38. Rc6 Ree2 39. Rxc4 Rg2+ 40.
Kh1 Rxh2+ 41. Kg1 Rag2+ 42. Kf1 Rf2+ 43. Kg1 Rhg2+ 44. Kh1 e3 45. Rg1 0-1

[Event "XXXIV Festival A"]
[Site "Arco ITA"]
[Date "2012.10.16"]
[Round "4"]
[White "Roessner, Uwe"]
[Black "Buck, Klaus-Michael"]
[WhiteElo "1892"]
[BlackElo "1756"]
[Result "1-0"]
[PlyCount "99"]
[EventDate "2012.10.13"]

1. Nf3 g6 2. g3 Bg7 3. Bg2 Nc6 4. c4 e6 5. d3 Nge7 6. Nbd2 O-O 7. O-O Ne5 8.
Nxe5 Bxe5 9. Rb1 c6 10. b4 d5 11. b5 Qa5 12. a4 Bd6 13. Qc2 Bd7 14. Nb3 Qc7 15.
bxc6 Bxc6 16. Nd4 dxc4 17. Nxc6 Nxc6 18. Qxc4 Rac8 19. Bh6 Rfe8 20. Rfc1 Bf8
21. Bxf8 Rxf8 22. Qb5 Qe7 23. Qxb7 Qxb7 24. Rxb7 Nd4 25. Rxc8 Rxc8 26. e3 Rc1+
27. Bf1 Nf3+ 28. Kg2 Nd2 29. Be2 Nb1 30. Rxa7 Nc3 31. Bf3 Ra1 32. a5 Ra2 33. a6
Kg7 34. Rc7 Nb5 35. Rb7 Nd6 36. Rb6 Nc8 37. Rb8 Nd6 38. Bb7 Nxb7 39. axb7 Rb2
40. d4 Kf6 41. h4 h5 42. Kf3 Rb5 43. e4 Ke7 44. Kf4 Rb2 45. f3 Rb5 46. e5 Rb6
47. Kg5 Rb5 48. Kh6 Rb3 49. Kg7 Rxf3 50. Rc8 1-0

[Event "XXXIV Festival A"]
[Site "Arco ITA"]
[Date "2012.10.16"]
[Round "4"]
[White "Schaefer, Michael"]
[Black "Pretto, Aldo"]
[WhiteElo "2174"]
[BlackElo "1733"]
[Result "1-0"]
[PlyCount "69"]
[EventDate "2012.10.13"]

1. d4 Nf6 2. Nf3 g6 3. c4 Bg7 4. Nc3 O-O 5. h3 d6 6. Bf4 Nbd7 7. e3 Nh5 8. Bh2
e5 9. Be2 exd4 10. Nxd4 Nhf6 11. O-O Nc5 12. Rc1 a5 13. b3 Re8 14. Ndb5 Nce4
15. Na4 Nd7 16. Bf3 Be5 17. Bxe5 Rxe5 18. Bxe4 Rxe4 19. c5 Re5 20. Qd3 Nf6 21.
cxd6 Bf5 22. Qe2 cxd6 23. Rfd1 Ne8 24. Nd4 Be4 25. Nc3 Rc8 26. Nxe4 Rxc1 27.
Rxc1 Rxe4 28. Qb5 Re7 29. Rc4 Re5 30. Qxb7 Rc5 31. Nc6 Qf6 32. Qe7 Qa1+ 33. Kh2
Nf6 34. Rxc5 dxc5 35. Ne5 1-0

[Event "XXXIV Festival A"]
[Site "Arco ITA"]
[Date "2012.10.16"]
[Round "4"]
[White "Schlee, Ulrich"]
[Black "Stap, Kees"]
[WhiteElo "1796"]
[BlackElo "2098"]
[Result "1/2-1/2"]
[PlyCount "110"]
[EventDate "2012.10.13"]

1. e4 d5 2. exd5 Qxd5 3. Nc3 Qd6 4. Nf3 Nf6 5. d4 g6 6. g3 Bg7 7. Bg2 Qa6 8.
Qe2 c6 9. O-O Be6 10. Re1 Qxe2 11. Nxe2 Nd5 12. c3 h6 13. Nf4 Nxf4 14. Bxf4 Nd7
15. Be5 Nxe5 16. Nxe5 O-O-O 17. Nxg6 Rhe8 18. Nf4 Bf5 19. Rad1 e5 20. dxe5 Rxd1
21. Rxd1 Rxe5 22. Kf1 Ra5 23. a3 Rb5 24. Rd2 Be5 25. Ne2 c5 26. f4 Bf6 27. Bd5
Be6 28. Bxe6+ fxe6 29. b4 cxb4 30. cxb4 Rb6 31. Kf2 Kc7 32. Kf3 a5 33. Rc2+ Kd7
34. Rc4 axb4 35. Rxb4 Rxb4 36. axb4 Kc6 37. Ke4 Kb5 38. Nd4+ Bxd4 39. Kxd4 Kxb4
40. Ke5 Kc3 41. Kxe6 b5 42. f5 b4 43. f6 b3 44. f7 b2 45. f8=Q b1=Q 46. Qc5+
Kd2 47. Qf2+ Kc3 48. Qe3+ Kc4 49. Qf4+ Kc3 50. Qe5+ Kc4 51. Qd5+ Kc3 52. Qf3+
Kd2 53. Qd5+ Kc3 54. Qa5+ Kc4 55. Qd5+ Kc3 1/2-1/2

[Event "XXXIV Festival A"]
[Site "Arco ITA"]
[Date "2012.10.16"]
[Round "4"]
[White "Schnitzspan, Lothar"]
[Black "Zucchelli, Massimo"]
[WhiteElo "2325"]
[BlackElo "2176"]
[Result "0-1"]
[PlyCount "120"]
[EventDate "2012.10.13"]

1. Nf3 d5 2. c4 e6 3. g3 Nf6 4. Bg2 dxc4 5. Na3 Bxa3 6. bxa3 Nc6 7. O-O O-O 8.
Bb2 Qd5 9. Rc1 Qb5 10. Qc2 e5 11. Rb1 Qc5 12. Nxe5 Nxe5 13. d4 Qe7 14. dxe5 Nd7
15. Qxc4 Nxe5 16. Bxe5 Qxe5 17. Bxb7 Be6 18. Qe4 Qxe4 19. Bxe4 Rad8 20. Rfc1
Rd4 21. Rb4 Rd2 22. Rc2 Rxc2 23. Bxc2 g6 24. Bb3 c5 25. Ra4 Bxb3 26. axb3 Rb8
27. b4 cxb4 28. Rxb4 Rc8 29. Rb7 a5 30. Rb5 a4 31. Rb4 Ra8 32. g4 Ra5 33. f4
Kg7 34. Kf2 h6 35. Ke3 Kf6 36. Ke4 Ra6 37. h3 Ra5 38. Rb6+ Kg7 39. Kd4 Ra7 40.
e4 Rd7+ 41. Kc4 Rd1 42. Rb4 Rh1 43. Rxa4 Rxh3 44. Ra8 Rg3 45. a4 Rxg4 46. a5
Rg1 47. Rd8 Ra1 48. Kb5 Rb1+ 49. Kc6 Rc1+ 50. Kb7 Rb1+ 51. Ka7 h5 52. a6 Rb4
53. Rd7 h4 54. Rb7 Rxe4 55. Rb3 Rxf4 56. Kb7 Ra4 57. a7 f5 58. a8=Q Rxa8 59.
Kxa8 g5 60. Kb7 g4 0-1

[Event "XXXIV Festival A"]
[Site "Arco ITA"]
[Date "2012.10.16"]
[Round "4"]
[White "Skagseth, Havard M."]
[Black "Fuggetta, Leonardo"]
[WhiteElo "1835"]
[BlackElo "2017"]
[Result "1/2-1/2"]
[PlyCount "42"]
[EventDate "2012.10.13"]

1. d4 d6 2. e4 Nf6 3. Nc3 c6 4. Bd3 e5 5. Nf3 Nbd7 6. O-O Be7 7. Ne2 O-O 8. c3
Re8 9. Ng3 g6 10. h3 Qc7 11. Bh6 Bf8 12. Qd2 Bg7 13. Rae1 a6 14. h4 Nf8 15. h5
Bxh6 16. Qxh6 Ng4 17. Qg5 h6 18. Qh4 Qe7 19. hxg6 fxg6 20. Qxe7 Rxe7 21. Nd2
Ne6 1/2-1/2

[Event "XXXIV Festival A"]
[Site "Arco ITA"]
[Date "2012.10.16"]
[Round "4"]
[White "Titz, Heimo"]
[Black "Drasko, Milan"]
[WhiteElo "2168"]
[BlackElo "2471"]
[Result "0-1"]
[PlyCount "108"]
[EventDate "2012.10.13"]

1. c4 e6 2. Nf3 Nf6 3. e3 b6 4. b3 Bb7 5. Bb2 c5 6. Be2 Nc6 7. O-O Be7 8. Nc3
O-O 9. d4 cxd4 10. Nxd4 a6 11. Bf3 Qc7 12. Rc1 Nxd4 13. Bxb7 Qxb7 14. Qxd4 b5
15. c5 Rac8 16. b4 Rfd8 17. Ne2 d6 18. cxd6 Rxd6 19. Rxc8+ Qxc8 20. Qc3 Qxc3
21. Bxc3 Rd3 22. Rc1 Nd5 23. Be1 h6 24. Nf4 Nxf4 25. exf4 Rd4 26. a3 Bf6 27. g3
Rd3 28. Kf1 Rxa3 29. Rc2 Kh7 30. Ke2 Kg6 31. Bd2 Bd4 32. h3 h5 33. Be1 Kf5 34.
h4 Ke4 35. Bd2 Rb3 36. Ra2 Rb2 37. f3+ Kd5 38. Rxb2 Bxb2 39. Kd3 Bd4 40. Be1 f5
41. g4 g6 42. g5 Bb6 43. Bg3 Bg1 44. Kc3 Bb6 45. Kd3 a5 46. bxa5 Bxa5 47. Bf2
Bb4 48. Bg3 Bd6 49. Bh2 b4 50. Bg3 e5 51. Be1 e4+ 52. fxe4+ fxe4+ 53. Ke3 Bc5+
54. Ke2 Ke6 0-1

[Event "XXXIV Festival A"]
[Site "Arco ITA"]
[Date "2012.10.16"]
[Round "4"]
[White "Tocco, Paolo"]
[Black "Kveinys, Aloyzas"]
[WhiteElo "2133"]
[BlackElo "2526"]
[Result "0-1"]
[PlyCount "75"]
[EventDate "2012.10.13"]

1. f4 d5 2. e3 g6 3. Nf3 Bg7 4. d4 Nf6 5. Bd3 O-O 6. O-O c5 7. c3 b6 8. Qe2 Ne4
9. Nbd2 Bb7 10. c4 cxd4 11. exd4 Nxd2 12. Bxd2 Nc6 13. Be3 dxc4 14. Bxc4 Rc8
15. Rad1 Nb4 16. f5 Bd5 17. Bxd5 Qxd5 18. fxg6 hxg6 19. a3 Rc2 20. Rd2 Rxd2 21.
Qxd2 Nc6 22. Qf2 Bf6 23. h3 Rd8 24. Kh1 Qf5 25. Qe2 Qe4 26. Qf2 Rd5 27. Rd1 Qf5
28. Qe2 Qd7 29. Re1 e6 30. Rd1 Nxd4 31. Nxd4 Bxd4 32. Bxd4 Rxd4 33. Rxd4 Qxd4
34. Qa6 Qxb2 35. Qxa7 Kg7 36. Qe7 e5 37. Kh2 Qd4 38. Qb4 0-1

[Event "XXXIV Festival A"]
[Site "Arco ITA"]
[Date "2012.10.16"]
[Round "4"]
[White "Trauth, Michael"]
[Black "Burnier, David"]
[WhiteElo "2159"]
[BlackElo "2313"]
[Result "0-1"]
[PlyCount "78"]
[EventDate "2012.10.13"]

1. Nf3 Nf6 2. c4 g6 3. g3 Bg7 4. Bg2 d5 5. cxd5 Nxd5 6. Nc3 Nb6 7. O-O Nc6 8.
d4 Nxd4 9. Nxd4 Qxd4 10. Qxd4 Bxd4 11. Nb5 Be5 12. Bf4 Bxf4 13. gxf4 O-O 14.
Nxc7 Rb8 15. a4 Bg4 16. a5 Nc4 17. Rfc1 Bxe2 18. Re1 Bh5 19. Rxe7 Nxb2 20. Nd5
Kg7 21. Rb1 Nc4 22. Rbxb7 Nxa5 23. Rxf7+ Rxf7 24. Rxb8 Nc6 25. Re8 Nd4 26. Re4
Nf3+ 27. Kh1 Rd7 28. Re7+ Rxe7 29. Nxe7 a5 30. f5 a4 31. fxg6 a3 32. Nf5+ Kxg6
33. Ne3 a2 34. Nc2 Kf6 35. Na1 Ke5 36. Bh3 Nd4 37. Bd7 Bd1 38. Kg2 Kd6 39. Be8
Ke7 0-1

[Event "XXXIV Festival A"]
[Site "Arco ITA"]
[Date "2012.10.16"]
[Round "4"]
[White "Traversi, Carlo"]
[Black "Martinez, Guido"]
[WhiteElo "1570"]
[BlackElo "1843"]
[Result "0-1"]
[PlyCount "41"]
[EventDate "2012.10.13"]

1. e4 d6 2. Nc3 g6 3. Nf3 Bg7 4. d4 c6 5. Be2 Nf6 6. O-O O-O 7. h3 Nbd7 8. Be3
b5 9. d5 cxd5 10. exd5 b4 11. Nb5 Nb6 12. Bxb6 Qxb6 13. c4 bxc3 14. Nxc3 Qxb2
15. Nb5 Bd7 16. Nc7 Rab8 17. Qd3 Bf5 18. Qe3 Rb7 19. Na6 Nxd5 20. Qd2 Qxd2 21.
Nxd2 0-1

[Event "XXXIV Festival A"]
[Site "Arco ITA"]
[Date "2012.10.16"]
[Round "4"]
[White "Vaccari, Giorgio"]
[Black "Perich, Stefano"]
[WhiteElo "1671"]
[BlackElo "1871"]
[Result "1/2-1/2"]
[PlyCount "63"]
[EventDate "2012.10.13"]

1. e4 d6 2. d4 g6 3. Nf3 Bg7 4. Nc3 e6 5. Bb5+ c6 6. Bd3 Ne7 7. O-O O-O 8. Ne2
e5 9. dxe5 dxe5 10. c3 Nd7 11. Be3 h6 12. Qd2 Kh7 13. Ng3 Ng8 14. Qc2 Qe7 15.
Rae1 Nc5 16. Be2 Ne6 17. Qc1 f5 18. exf5 gxf5 19. Bd2 e4 20. Nd4 Nxd4 21. cxd4
Bxd4 22. Nh5 Be6 23. b3 Qc5 24. Qxc5 Bxc5 25. Nf4 Bf7 26. Rc1 Bd4 27. Be3 Bxe3
28. fxe3 Rad8 29. Rcd1 Bd5 30. Bh5 Ne7 31. g3 Rf6 32. Rd2 1/2-1/2

[Event "XXXIV Festival A"]
[Site "Arco ITA"]
[Date "2012.10.16"]
[Round "4"]
[White "Vezzosi, Paolo"]
[Black "Buglisi, Massimo"]
[WhiteElo "2308"]
[BlackElo "1922"]
[Result "1-0"]
[PlyCount "73"]
[EventDate "2012.10.13"]

1. d4 d6 2. e4 Nf6 3. Nc3 g6 4. Nf3 Bg7 5. h3 O-O 6. Be3 a6 7. a4 b6 8. Bc4 e6
9. O-O Bb7 10. d5 exd5 11. exd5 Re8 12. Ra3 Nbd7 13. Bd4 Nc5 14. b4 Nce4 15. a5
b5 16. Ba2 h6 17. Re1 Nxc3 18. Rxc3 Qd7 19. Rce3 Rxe3 20. Rxe3 Re8 21. Rxe8+
Qxe8 22. Qa1 Nh5 23. Bxg7 Nxg7 24. c4 bxc4 25. Bxc4 Qe4 26. Qf1 Bxd5 27. Bxd5
Qxd5 28. Qxa6 Ne6 29. Qc8+ Kg7 30. a6 Qa2 31. Qb7 Qb1+ 32. Kh2 Qf1 33. a7 Nf4
34. Nd2 Qxf2 35. a8=Q d5 36. Qa1+ Kh7 37. Qf1 1-0

[Event "XXXIV Festival A"]
[Site "Arco ITA"]
[Date "2012.10.16"]
[Round "4"]
[White "Wagner, Frank"]
[Black "Pieri, Enzo"]
[WhiteElo "1906"]
[BlackElo "1740"]
[Result "1-0"]
[PlyCount "107"]
[EventDate "2012.10.13"]

1. Nf3 Nf6 2. g3 g6 3. Bg2 Bg7 4. O-O O-O 5. d3 d6 6. c4 c5 7. Nc3 Nc6 8. Rb1
Bd7 9. a3 Rb8 10. b4 cxb4 11. axb4 a6 12. b5 axb5 13. Nxb5 d5 14. Bf4 Rc8 15.
Na3 Qa5 16. Qb3 Ra8 17. Nb5 dxc4 18. dxc4 Qa4 19. Nc7 Qxb3 20. Rxb3 Ra4 21.
Rxb7 Rxc4 22. Ne5 Nxe5 23. Bxe5 Bc6 24. Bxc6 Rxc6 25. Bxf6 Rxf6 26. Nd5 Re6 27.
Nxe7+ Kh8 28. e3 Rd8 29. Rc1 Bf6 30. Rcc7 Be5 31. Rc8 Rxc8 32. Nxc8 Kg7 33. Nb6
Rc6 34. Nd5 Bd6 35. Kg2 h6 36. Rb6 Rxb6 37. Nxb6 Kf6 38. Nc4 Bc7 39. e4 Ke6 40.
f4 f6 41. Kf3 h5 42. h3 g5 43. f5+ Kf7 44. g4 h4 45. Ke3 Ke7 46. Kd4 Bf4 47.
Kd5 Kd7 48. e5 Ke7 49. e6 Bc1 50. Kc6 Kd8 51. Nb6 Ba3 52. Nd5 Bb2 53. e7+ Ke8
54. Kd6 1-0

[Event "XXXIV Festival A"]
[Site "Arco ITA"]
[Date "2012.10.16"]
[Round "4"]
[White "Zangrando, Gianpietro"]
[Black "Casagrande, Fabio"]
[WhiteElo "1800"]
[BlackElo "1981"]
[Result "0-1"]
[PlyCount "70"]
[EventDate "2012.10.13"]

1. Nf3 Nf6 2. c4 e6 3. d4 Bb4+ 4. Bd2 Qe7 5. Nc3 Nc6 6. Qc2 e5 7. dxe5 Nxe5 8.
Nxe5 Qxe5 9. O-O-O O-O 10. f3 c6 11. e4 d5 12. Qb3 a5 13. exd5 cxd5 14. cxd5
Bf5 15. Bc4 Rac8 16. Rhe1 Qd4 17. g4 Qxc4 18. gxf5 Qxb3 19. axb3 Nxd5 20. Re5
Nxc3 21. bxc3 Bxc3 22. Bxc3 Rxc3+ 23. Kb2 Rxf3 24. Rxa5 Rf2+ 25. Ka3 Rxh2 26.
Rd7 b6 27. Raa7 Rf2 28. Rd5 h5 29. Rb7 h4 30. Rxb6 Ra8+ 31. Kb4 h3 32. f6 g6
33. Rd3 Rf4+ 34. Kc3 Rc8+ 35. Kd2 Rh4 0-1

[Event "XXXIV Festival A"]
[Site "Arco ITA"]
[Date "2012.10.16"]
[Round "4"]
[White "Zanin, Luca"]
[Black "Tencheni, Maurizio"]
[WhiteElo "1615"]
[BlackElo "1707"]
[Result "0-1"]
[PlyCount "156"]
[EventDate "2012.10.13"]

1. d4 b6 2. Nf3 Bb7 3. e3 e6 4. Bd3 f5 5. Nbd2 Nf6 6. c4 c5 7. O-O Bd6 8. Re1
O-O 9. b3 Nc6 10. Bb2 Qc7 11. h3 Rae8 12. a3 Ne7 13. Qc2 Ng6 14. Rad1 Rf7 15.
d5 Ne5 16. Nxe5 Bxe5 17. e4 fxe4 18. Nxe4 Nxe4 19. Bxe4 Bxb2 20. Qxb2 Ref8 21.
Re2 Rf6 22. Qc2 Rh6 23. Rd3 Qc8 24. Rg3 exd5 25. cxd5 d6 26. Qd2 Rhf6 27. Qc2
g6 28. h4 Qa8 29. Qd3 a5 30. Qd1 Ba6 31. Rd2 Qe8 32. Qc2 Bc8 33. Re2 Qf7 34. h5
Bf5 35. hxg6 hxg6 36. f3 Re8 37. Bxf5 Rxe2 38. Qxe2 Rxf5 39. Qd3 Qf6 40. a4 Kf7
41. Rh3 Qd4+ 42. Qxd4 cxd4 43. Kf2 Rxd5 44. Ke2 Rc5 45. f4 Rc2+ 46. Kd3 Rc3+
47. Kxd4 Rxh3 48. gxh3 Ke6 49. Ke4 d5+ 50. Kd4 Kd6 51. h4 Ke6 52. f5+ Kxf5 53.
Kxd5 Kg4 54. Kc6 Kxh4 55. Kxb6 g5 56. Kxa5 g4 57. Kb5 g3 58. a5 g2 59. a6 g1=Q
60. b4 Kg5 61. Kc6 Qg2+ 62. Kb6 Qf2+ 63. Kb7 Qf3+ 64. Kb6 Qe3+ 65. Kc6 Qe4+ 66.
Kc5 Qe5+ 67. Kb6 Qd4+ 68. Ka5 Kf6 69. Kb5 Ke6 70. Kc6 Qd7+ 71. Kc5 Qa7+ 72. Kb5
Kd6 73. Ka5 Kc7 74. b5 Qb6+ 75. Ka4 Kb8 76. Kb4 Ka7 77. Ka4 Qc7 78. Kb4 Kb6 0-1

[Event "XXXIV Festival A"]
[Site "Arco ITA"]
[Date "2012.10.16"]
[Round "4"]
[White "Ziltener, Werner"]
[Black "De Nisi, Giuseppe"]
[WhiteElo "2053"]
[BlackElo "1816"]
[Result "1-0"]
[PlyCount "55"]
[EventDate "2012.10.13"]

1. d4 d6 2. e4 c6 3. Bd3 e5 4. c3 Nf6 5. f3 exd4 6. cxd4 Qb6 7. Ne2 Na6 8. a3
Nc7 9. Nbc3 Ne6 10. Na4 Qc7 11. Be3 b5 12. Nac3 g6 13. O-O Bg7 14. Rc1 Qb6 15.
Qd2 Qd8 16. d5 cxd5 17. Bxb5+ Bd7 18. exd5 Bxb5 19. Nxb5 a6 20. Nxd6+ Qxd6 21.
dxe6 Qxe6 22. Nf4 Qb3 23. Bc5 Nd7 24. Rfe1+ Ne5 25. Qd6 Qb7 26. Rxe5+ Bxe5 27.
Qxe5+ Kd7 28. Qd6+ 1-0

[Event "XXXIV Festival A"]
[Site "Arco ITA"]
[Date "2012.10.17"]
[Round "5"]
[White "Anfuso, Luigi"]
[Black "Traversi, Carlo"]
[WhiteElo "1743"]
[BlackElo "1570"]
[Result "1-0"]
[PlyCount "85"]
[EventDate "2012.10.13"]

1. d4 Nf6 2. c4 g6 3. Nc3 d5 4. Bf4 a6 5. cxd5 Nxd5 6. Nxd5 Qxd5 7. Bxc7 Bg7 8.
e3 Nc6 9. Bg3 Bf5 10. f3 Bd7 11. Ne2 Rc8 12. Nc3 Qa5 13. Bd3 b5 14. a3 b4 15.
axb4 Qxb4 16. Qd2 Na5 17. Ne4 Qxd2+ 18. Nxd2 Nc6 19. O-O Nb4 20. Bc4 O-O 21.
Rfc1 Bb5 22. Bxb5 axb5 23. Nb1 Nd3 24. Rc3 Nxb2 25. Raa3 Rxc3 26. Rxc3 Nc4 27.
Be1 Ra8 28. Kf2 Bf8 29. Nd2 Nxd2 30. Bxd2 e6 31. Rb3 Rb8 32. Ke2 Kg7 33. Kd3
Bd6 34. h3 f5 35. Bb4 Bc7 36. Ra3 Rb7 37. Ra8 Kf7 38. Rh8 Kg7 39. Re8 Rb8 40.
Rxe6 Kf7 41. d5 Rd8 42. e4 fxe4+ 43. fxe4 1-0

[Event "XXXIV Festival A"]
[Site "Arco ITA"]
[Date "2012.10.17"]
[Round "5"]
[White "Antonelli, Fabrizio"]
[Black "Skagseth, Havard M."]
[WhiteElo "2011"]
[BlackElo "1835"]
[Result "0-1"]
[PlyCount "150"]
[EventDate "2012.10.13"]

1. e4 c5 2. Nf3 d6 3. c3 Nf6 4. Be2 Nc6 5. d4 cxd4 6. cxd4 Nxe4 7. d5 Qa5+ 8.
Nc3 Nxc3 9. bxc3 Nb8 10. O-O g6 11. Qb3 a6 12. Bd2 Bg7 13. c4 Qc7 14. Rab1 O-O
15. Qa3 Nd7 16. Rfc1 Nc5 17. Ba5 Qb8 18. Bb6 Bf5 19. Rb4 Qc8 20. Qe3 Re8 21.
Nd4 Bd7 22. Rbb1 Na4 23. Nb3 Nxb6 24. Qxb6 Bf5 25. Na5 Bxb1 26. Rxb1 Qc5 27.
Nxb7 Qxb6 28. Rxb6 Bd4 29. Rb3 Reb8 30. Bd1 Ra7 31. Na5 Rxb3 32. axb3 Bc3 33.
Nc6 Rb7 34. Kf1 e6 35. dxe6 fxe6 36. Ke2 a5 37. Kd3 Bb4 38. f4 Rc7 39. Bf3 Kf7
40. h3 Kf6 41. Ke3 Bc5+ 42. Kd3 Bb6 43. Be4 Rc8 44. Bf3 Kf7 45. Be4 Ke8 46. b4
axb4 47. Nxb4 Kf7 48. Na2 Ba5 49. Bf3 Rb8 50. Nc1 Kf6 51. Kd4 Rb1 52. Nd3 Rb3
53. c5 dxc5+ 54. Nxc5 Rb4+ 55. Kd3 Rxf4 56. Ne4+ Ke5 57. Nc5 Rf7 58. Ke2 Bb6
59. Ne4 Ra7 60. Nd2 Ra2 61. Kd3 Kf4 62. Ne4 Ra3+ 63. Kd2 Ba5+ 64. Kc2 Bd8 65.
Nc5 Ke5 66. Bg4 Kf6 67. Nd7+ Ke7 68. Ne5 Ra2+ 69. Kd3 Rxg2 70. Ke4 Bc7 71. Nd3
Bd6 72. Ke3 h5 73. Bf3 Rg3 74. Nf2 Bc5+ 75. Ke2 Bxf2 0-1

[Event "XXXIV Festival A"]
[Site "Arco ITA"]
[Date "2012.10.17"]
[Round "5"]
[White "Arvola, Benjamin"]
[Black "Ebeling, Jens"]
[WhiteElo "2296"]
[BlackElo "2011"]
[Result "1-0"]
[PlyCount "67"]
[EventDate "2012.10.13"]

1. d4 Nf6 2. c4 g6 3. Nc3 Bg7 4. e4 d6 5. Nf3 O-O 6. Be2 Na6 7. O-O e5 8. Be3
Ng4 9. Bg5 Qe8 10. dxe5 dxe5 11. Qc1 h6 12. Bd2 Kh7 13. h3 Nf6 14. Be3 c6 15.
c5 Qe7 16. Bxa6 bxa6 17. Qc2 Ne8 18. Qa4 Qe6 19. Nd2 f5 20. exf5 gxf5 21. f4 e4
22. Nb3 Nc7 23. Bd4 Rg8 24. Rad1 Qg6 25. Rf2 Nb5 26. Bxg7 Rxg7 27. Rd8 Qg3 28.
Nxb5 axb5 29. Qd4 b4 30. Qe5 e3 31. Re2 Qg6 32. Qxe3 Qf6 33. Qe8 Ba6 34. Rxa8
1-0

[Event "XXXIV Festival A"]
[Site "Arco ITA"]
[Date "2012.10.17"]
[Round "5"]
[White "Astengo, Corrado"]
[Black "Ager, Josef"]
[WhiteElo "2119"]
[BlackElo "2193"]
[Result "1-0"]
[PlyCount "88"]
[EventDate "2012.10.13"]

1. e4 Nf6 2. e5 Nd5 3. d4 d6 4. Nf3 dxe5 5. Nxe5 c6 6. Be2 Nd7 7. Nf3 N7f6 8.
h3 Qc7 9. c4 Nf4 10. Bxf4 Qxf4 11. Nc3 g6 12. O-O Bg7 13. Qc1 Qxc1 14. Raxc1
O-O 15. d5 Nh5 16. Rfd1 Nf4 17. Bf1 c5 18. Re1 e6 19. g3 Nh5 20. b3 exd5 21.
Nxd5 Bd7 22. Rcd1 Rfd8 23. Bg2 Rab8 24. Ng5 Nf6 25. Re7 Be8 26. Rc7 h6 27. Ne4
Nxe4 28. Bxe4 Bd4 29. Kg2 Kg7 30. Nf4 Be5 31. Rxd8 Bxc7 32. Rxb8 Bxb8 33. Bxb7
Bxf4 34. gxf4 Kf6 35. Kf3 Bd7 36. h4 Bf5 37. Be4 h5 38. Bc6 Bb1 39. a3 Ba2 40.
Ke4 Ke6 41. Bd5+ Ke7 42. b4 cxb4 43. axb4 f6 44. Kd4 a5 1-0

[Event "XXXIV Festival A"]
[Site "Arco ITA"]
[Date "2012.10.17"]
[Round "5"]
[White "Beltrami, Nerio"]
[Black "Schlee, Ulrich"]
[WhiteElo "1926"]
[BlackElo "1796"]
[Result "1-0"]
[PlyCount "99"]
[EventDate "2012.10.13"]

1. e4 e5 2. Nf3 Nc6 3. Bb5 a6 4. Bxc6 dxc6 5. O-O f6 6. d4 exd4 7. Nxd4 c5 8.
Ne2 Bg4 9. f3 Bh5 10. Be3 Bd6 11. Nbc3 Ne7 12. Qd3 O-O 13. Rfd1 b5 14. Nf4 Bf7
15. Qe2 Qc8 16. Qf2 Rd8 17. Bxc5 Bxf4 18. Bxe7 Re8 19. Bc5 c6 20. Bd6 Bh6 21.
Qc5 Be6 22. b3 f5 23. e5 Bg5 24. Rd3 Qb7 25. g3 Bd8 26. Qe3 Rc8 27. Bc5 Qf7 28.
f4 Qh5 29. Rad1 g5 30. Qf3 g4 31. Qf2 Ba5 32. b4 Bd8 33. a4 Qf7 34. a5 Qb7 35.
Rd4 Qf7 36. R1d2 h5 37. Qe1 h4 38. Qd1 Be7 39. Bxe7 Qxe7 40. Rd6 h3 41. R2d3
Qa7+ 42. Kh1 c5 43. Nd5 cxb4 44. Qd2 Qc5 45. Nf6+ Kf7 46. Nxe8 Rxe8 47. Rb6 Rc8
48. Rd7+ Kf8 49. Rxe6 Qxc2 50. Qd6+ 1-0

[Event "XXXIV Festival A"]
[Site "Arco ITA"]
[Date "2012.10.17"]
[Round "5"]
[White "Bisignano, Giuseppe"]
[Black "Rizzo, Giuseppe"]
[WhiteElo "1891"]
[BlackElo "1761"]
[Result "1-0"]
[PlyCount "53"]
[EventDate "2012.10.13"]

1. e4 Nf6 2. e5 Nd5 3. d4 d6 4. c4 Nb6 5. exd6 exd6 6. Nc3 Nc6 7. h3 Be7 8. Nf3
Bf5 9. a3 a5 10. Bd3 Qd7 11. O-O O-O 12. d5 Ne5 13. Nxe5 dxe5 14. Be3 Rad8 15.
c5 Nxd5 16. Bxf5 Nxe3 17. Qxd7 Rxd7 18. Bxd7 Nxf1 19. Kxf1 Bxc5 20. Ne4 Bd4 21.
a4 Rd8 22. Bg4 g6 23. Be2 h6 24. Rd1 Kg7 25. Bf3 f5 26. Nc5 Rb8 27. Ne6+ 1-0